| 000 | 00793nam a2200229 i 4500 | ||
|---|---|---|---|
| 001 | 13898 | ||
| 003 | ES-MaACL | ||
| 005 | 20230906150703.0 | ||
| 007 | t| | ||
| 008 | 980731s1998 sp |||| | spa d | ||
| 020 | _a84-86478-75-8 | ||
| 080 | _a32(410.7)"1998" | ||
| 080 | _a941.5 | ||
| 245 | 0 | 0 |
_aO'jalá, acuerdo de paz / _cprólogo y comentarios por José Antonio Jáuregui. |
| 260 |
_aMadrid : _bMaeva, _c[1998] |
||
| 300 |
_a137 p. ; _c16 x 22 cm. |
||
| 505 | 8 | _aContiene: Acuerdo entre el Gobierno del Reino Unido de Gran Bretaña e Irlanda del Norte y el Gobierno de Irlanda | |
| 651 | 4 |
_aIrlanda del Norte- _xPolítica y gobierno- _y1969-1994. _9166668 |
|
| 651 | 4 |
_aIrlanda- _zHistoria- _yS.XX. _98855 |
|
| 700 | 1 |
_aJáuregui, José Antonio. _966186 |
|
| 852 |
_aES-MaACL _jL-21263 |
||
| 999 |
_c13898 _d13898 |
||